Učet vo vnešnej torgovle SSSR Teorija i praktika

Gespeichert in:
Bibliographische Detailangaben
Format: Buch
Sprache:Russisch
Veröffentlicht: Moskva Meždunarodnyje otnošenija 1988
Ausgabe:2. dopoln. izd.
Tags: Tag hinzufügen
Keine Tags, Fügen Sie das erste Tag hinzu!

MARC

LEADER 00000nam a2200000 4500
001 c027995
005 20250714074142.5
041 0 |a rus 
044 |a RU 
245 1 0 |a Učet vo vnešnej torgovle SSSR  |b Teorija i praktika  |c Aleksandr Fedorovič Muchin, Jurij Aleksandrovič Grigor'jev 
250 |a 2. dopoln. izd. 
264 1 |a Moskva  |b Meždunarodnyje otnošenija  |c 1988 
300 |a 293 s.